[Event "Stay Safe Play From Home 246"]
[Site "Emanuel Lasker Arena"]
[Date "2020.06.22"]
[Round "3"]
[White "Katianet"]
[Black "Matanant"]
[Result "0-1"]
[WhiteElo "1599"]
[BlackElo "1859"]
[Annotator "NA"]
[PlyCount "90"]
[EventDate "2020.06.22"]
[EventType "swiss (blitz)"]

1. d4 {[%emt 0:00:02]} e6 {[%emt 0:00:10]} 2. Nf3 {[%emt 0:00:00]} f5 {[%emt 0:00:02]} 3. Nc3 {[%emt 0:00:16]} Nf6 {[%emt 0:00:00]} 4. Bg5 {[%emt 0:00:01]} Be7 {[%emt 0:00:05]} 5. Bxf6 {[%emt 0:00:01]} Bxf6 {[%emt 0:00:02]} 6. e4 {[%emt 0:00:00]} g6 {[%emt 0:00:08]} 7. e5 {[%emt 0:00:01]} Bg7 {[%emt 0:00:03]} 8. Bc4 {[%emt 0:00:00]} O-O {[%emt 0:00:02]} 9. O-O {[%emt 0:00:01]} b6 {[%emt 0:00:01]} 10. Qe2 {[%emt 0:00:02]} Bb7 {[%emt 0:00:02]} 11. Nd1 {[%emt 0:00:06]} Nc6 {[%emt 0:00:03]} 12. c3 {[%emt 0:00:01]} Ne7 {[%emt 0:00:01]} 13. Ne3 {[%emt 0:00:01]} h6 {[%emt 0:00:04]} 14. Rfe1 {[%emt 0:00:05]} Kh7 {[%emt 0:00:02]} 15. Bb3 {[%emt 0:00:04]} g5 {[%emt 0:00:11]} 16. Nd2 {[%emt 0:00:05]} Qe8 {[%emt 0:00:01]} 17. f4 {[%emt 0:00:10]} Qg6 {[%emt 0:00:09]} 18. fxg5 {[%emt 0:00:01]} hxg5 {[%emt 0:00:02]} 19. Rf1 {[%emt 0:00:01]} g4 {[%emt 0:00:11]} 20. Qf2 {[%emt 0:00:08]} Bh6 {[%emt 0:00:02]} 21. g3 {[%emt 0:00:04]} Qg5 {[%emt 0:00:04]} 22. Ng2 {[%emt 0:00:03]} Qxd2 {[%emt 0:00:03]} 23. Qxd2 {[%emt 0:00:06]} Bxd2 {[%emt 0:00:02]} 24. Nh4 {[%emt 0:00:01]} Bg5 {[%emt 0:00:02]} 25. Ng2 {[%emt 0:00:02]} Kg6 {[%emt 0:00:03]} 26. Nf4+ {[%emt 0:00:02]} Bxf4 {[%emt 0:00:02]} 27. Rxf4 {[%emt 0:00:01]} Nd5 {[%emt 0:00:02]} 28. Rf2 {[%emt 0:00:04]} Rh8 {[%emt 0:00:03]} 29. Re1 {[%emt 0:00:04]} Kg5 {[%emt 0:00:03]} 30. c4 {[%emt 0:00:01]} Nb4 {[%emt 0:00:05]} 31. a3 {[%emt 0:00:03]} Nd3 {[%emt 0:00:03]} 32. Rfe2 {[%emt 0:00:05]} Nxe1 {[%emt 0:00:02]} 33. Rxe1 {[%emt 0:00:01]} Be4 {[%emt 0:00:02]} 34. d5 {[%emt 0:00:01]} exd5 {[%emt 0:00:12]} 35. cxd5 {[%emt 0:00:01]} Rae8 {[%emt 0:00:02]} 36. e6 {[%emt 0:00:01]} dxe6 {[%emt 0:00:01]} 37. dxe6 {[%emt 0:00:01]} Re7 {[%emt 0:00:00]} 38. Rd1 {[%emt 0:00:03]} c6 {[%emt 0:00:02]} 39. Rd6 {[%emt 0:00:05]} Rhe8 {[%emt 0:00:05]} 40. Kf2 {[%emt 0:00:03]} Bd5 {[%emt 0:00:01]} 41. Bxd5 {[%emt 0:00:03]} cxd5 {[%emt 0:00:01]} 42. Rxd5 {[%emt 0:00:01]} Rxe6 {[%emt 0:00:01]} 43. Rd7 {[%emt 0:00:02]} R8e7 {[%emt 0:00:00]} 44. Rd8 {[%emt 0:00:02]} Re2+ {[%emt 0:00:02]} 45. Kf1 {[%emt 0:00:02]} Rxh2 {[%emt 0:00:03] Katianet abbandona (Lag: Av=0.61s, max=2.2s)} 0-1

[Event "Stay Safe Play From Home 246"]
[Site "Emanuel Lasker Arena"]
[Date "2020.06.22"]
[Round "3"]
[White "Robk"]
[Black "Germanicus G"]
[Result "0-1"]
[WhiteElo "1540"]
[BlackElo "1499"]
[Annotator "NA"]
[PlyCount "68"]
[EventDate "2020.06.22"]
[EventType "swiss (blitz)"]

1. e4 {[%emt 0:00:07]} e6 {[%emt 0:00:01]} 2. d4 {[%emt 0:00:01]} d5 {[%emt 0:00:01]} 3. e5 {[%emt 0:00:01]} c5 {[%emt 0:00:01]} 4. c3 {[%emt 0:00:01]} cxd4 {[%emt 0:00:01]} 5. cxd4 {[%emt 0:00:02]} Bd7 {[%emt 0:00:01]} 6. Nf3 {[%emt 0:00:01]} Nc6 {[%emt 0:00:00]} 7. Be2 {[%emt 0:00:04]} Bb4+ {[%emt 0:00:08]} 8. Kf1 {[%emt 0:00:09]} Qb6 {[%emt 0:00:06]} 9. g3 {[%emt 0:00:10]} Nge7 {[%emt 0:00:32]} 10. a3 {[%emt 0:00:02]} Nf5 {[%emt 0:00:14]} 11. axb4 {[%emt 0:00:03]} Qxb4 {[%emt 0:00:02]} 12. Bd2 {[%emt 0:00:16]} Qxb2 {[%emt 0:00:03]} 13. Bc3 {[%emt 0:00:09]} Qb6 {[%emt 0:00:02]} 14. g4 {[%emt 0:00:16]} Nfe7 {[%emt 0:00:10]} 15. Nbd2 {[%emt 0:00:14]} Ng6 {[%emt 0:00:14]} 16. Rb1 {[%emt 0:00:08]} Qc7 {[%emt 0:00:09]} 17. Nb3 {[%emt 0:00:03]} O-O {[%emt 0:00:03]} 18. Nc5 {[%emt 0:00:03]} Bc8 {[%emt 0:00:03]} 19. Bd2 {[%emt 0:00:04]} b6 {[%emt 0:00:02]} 20. Nd3 {[%emt 0:00:04]} Na5 {[%emt 0:00:05]} 21. h4 {[%emt 0:00:03]} Nc4 {[%emt 0:00:05]} 22. h5 {[%emt 0:00:01]} Ne7 {[%emt 0:00:02]} 23. g5 {[%emt 0:00:06]} f5 {[%emt 0:00:11]} 24. gxf6 {[%emt 0:00:16]} gxf6 {[%emt 0:00:02]} 25. Rg1+ {[%emt 0:00:05]} Kh8 {[%emt 0:00:02]} 26. Bh6 {[%emt 0:00:03]} Rf7 {[%emt 0:00:07]} 27. exf6 {[%emt 0:00:04]} Nf5 {[%emt 0:00:01]} 28. Nfe5 {[%emt 0:00:03]} Rxf6 {[%emt 0:00:03]} 29. Bg4 {[%emt 0:00:07]} Rxh6 {[%emt 0:00:04]} 30. Bxf5 {[%emt 0:00:01]} exf5 {[%emt 0:00:04]} 31. Qf3 {[%emt 0:00:06]} Be6 {[%emt 0:00:03]} 32. Nf4 {[%emt 0:00:03]} Nd2+ {[%emt 0:00:08]} 33. Ke2 {[%emt 0:00:02]} Nxf3 {[%emt 0:00:00]} 34. Kxf3 {[%emt 0:00:01]} Rg8 {[%emt 0:00:03] Time (Lag: Av=0.31s, max=1.1s)} 0-1

[Event "Stay Safe Play From Home 246"]
[Site "Emanuel Lasker Arena"]
[Date "2020.06.22"]
[Round "4"]
[White "Mepe_Nika"]
[Black "Neco74"]
[Result "1-0"]
[WhiteElo "2308"]
[BlackElo "2035"]
[Annotator "NA"]
[PlyCount "93"]
[EventDate "2020.06.22"]
[EventType "swiss (blitz)"]

1. d4 {[%emt 0:00:03]} d5 {[%emt 0:00:01]} 2. Bf4 {[%emt 0:00:00]} Nf6 {[%emt 0:00:01]} 3. e3 {[%emt 0:00:00]} c6 {[%emt 0:00:01]} 4. c4 {[%emt 0:00:01]} e6 {[%emt 0:00:05]} 5. Nc3 {[%emt 0:00:01]} Nbd7 {[%emt 0:00:01]} 6. Nf3 {[%emt 0:00:01]} Bb4 {[%emt 0:00:02]} 7. Qc2 {[%emt 0:00:01]} Ne4 {[%emt 0:00:02]} 8. Bd3 {[%emt 0:00:01]} Nxc3 {[%emt 0:00:01]} 9. bxc3 {[%emt 0:00:01]} Ba5 {[%emt 0:00:02]} 10. O-O {[%emt 0:00:01]} h6 {[%emt 0:00:02]} 11. Bd6 {[%emt 0:00:03]} Bc7 {[%emt 0:00:01]} 12. Ba3 {[%emt 0:00:04]} Nf6 {[%emt 0:00:01]} 13. cxd5 {[%emt 0:00:02]} exd5 {[%emt 0:00:04]} 14. e4 {[%emt 0:00:01]} dxe4 {[%emt 0:00:01]} 15. Bxe4 {[%emt 0:00:01]} Bd6 {[%emt 0:00:01]} 16. Rfe1 {[%emt 0:00:13]} O-O {[%emt 0:00:02]} 17. Bxd6 {[%emt 0:00:04]} Qxd6 {[%emt 0:00:06]} 18. Ne5 {[%emt 0:00:01]} Be6 {[%emt 0:00:11]} 19. Qe2 {[%emt 0:00:05]} Nxe4 {[%emt 0:00:04]} 20. Qxe4 {[%emt 0:00:01]} Bd5 {[%emt 0:00:01]} 21. Qg4 {[%emt 0:00:04]} Rae8 {[%emt 0:00:04]} 22. Qg3 {[%emt 0:00:03]} Qb8 {[%emt 0:00:06]} 23. Re3 {[%emt 0:00:01]} f6 {[%emt 0:00:01]} 24. Ng6 {[%emt 0:00:24]} Qxg3 {[%emt 0:00:03]} 25. hxg3 {[%emt 0:00:00]} Rxe3 {[%emt 0:00:02]} 26. fxe3 {[%emt 0:00:00]} Re8 {[%emt 0:00:01]} 27. Kf2 {[%emt 0:00:00]} Kf7 {[%emt 0:00:02]} 28. Nf4 {[%emt 0:00:01]} Be4 {[%emt 0:00:03]} 29. a4 {[%emt 0:00:01]} g5 {[%emt 0:00:01]} 30. Ne2 {[%emt 0:00:01]} Bd3 {[%emt 0:00:01]} 31. Nc1 {[%emt 0:00:01]} Bc4 {[%emt 0:00:02]} 32. Na2 {[%emt 0:00:02]} Bxa2 {[%emt 0:00:06]} 33. Rxa2 {[%emt 0:00:00]} b6 {[%emt 0:00:01]} 34. c4 {[%emt 0:00:04]} Re7 {[%emt 0:00:02]} 35. Ke2 {[%emt 0:00:01]} Ke6 {[%emt 0:00:01]} 36. Kd3 {[%emt 0:00:01]} Kd6 {[%emt 0:00:01]} 37. Rf2 {[%emt 0:00:01]} Re6 {[%emt 0:00:02]} 38. Rf5 {[%emt 0:00:01]} Ke7 {[%emt 0:00:01]} 39. e4 {[%emt 0:00:01]} Rd6 {[%emt 0:00:03]} 40. c5 {[%emt 0:00:02]} bxc5 {[%emt 0:00:01]} 41. Rxc5 {[%emt 0:00:00]} Kd7 {[%emt 0:00:04]} 42. g4 {[%emt 0:00:01]} Re6 {[%emt 0:00:01]} 43. Ra5 {[%emt 0:00:01]} Kc7 {[%emt 0:00:08]} 44. Rxa7+ {[%emt 0:00:01]} Kb6 {[%emt 0:00:01]} 45. Rh7 {[%emt 0:00:02]} Ka5 {[%emt 0:00:01]} 46. Rxh6 {[%emt 0:00:02]} Kxa4 {[%emt 0:00:01]} 47. e5 {[%emt 0:00:01] Neco74 terk eder (Lag: Av=0.62s, max=1.3s)} 1-0

[Event "Stay Safe Play From Home 246"]
[Site "Emanuel Lasker Arena"]
[Date "2020.06.22"]
[Round "4"]
[White "Lazieri3"]
[Black "Dukic"]
[Result "1-0"]
[WhiteElo "2072"]
[BlackElo "1791"]
[PlyCount "95"]
[EventDate "2020.06.22"]
[EventType "swiss (blitz)"]

1. e4 {[%emt 0:00:02]} c6 {[%emt 0:00:03]} 2. d4 {[%emt 0:00:01]} d6 {[%emt 0:00:01]} 3. Nc3 {[%emt 0:00:00]} Nd7 {[%emt 0:00:01]} 4. Nf3 {[%emt 0:00:00]} e5 {[%emt 0:00:01]} 5. Be3 {[%emt 0:00:01]} Be7 {[%emt 0:00:01]} 6. Be2 {[%emt 0:00:02]} Ngf6 {[%emt 0:00:02]} 7. O-O {[%emt 0:00:01]} O-O {[%emt 0:00:01]} 8. h3 {[%emt 0:00:01]} b5 {[%emt 0:00:01]} 9. a3 {[%emt 0:00:02]} Bb7 {[%emt 0:00:01]} 10. Qd2 {[%emt 0:00:03]} Re8 {[%emt 0:00:01]} 11. Rfe1 {[%emt 0:00:01]} Qc7 {[%emt 0:00:01]} 12. Bf1 {[%emt 0:00:06]} Bf8 {[%emt 0:00:01]} 13. g3 {[%emt 0:00:02]} exd4 {[%emt 0:00:02]} 14. Bxd4 {[%emt 0:00:01]} a6 {[%emt 0:00:02]} 15. Bg2 {[%emt 0:00:02]} c5 {[%emt 0:00:01]} 16. Bxf6 {[%emt 0:00:01]} Nxf6 {[%emt 0:00:01]} 17. Nh2 {[%emt 0:00:05]} Re6 {[%emt 0:00:06]} 18. Ng4 {[%emt 0:00:03]} Nd7 {[%emt 0:00:05]} 19. Nd5 {[%emt 0:00:05]} Qd8 {[%emt 0:00:17]} 20. h4 {[%emt 0:00:03]} h5 {[%emt 0:00:02]} 21. Nh2 {[%emt 0:00:04]} Ne5 {[%emt 0:00:03]} 22. Bh3 {[%emt 0:00:02]} Re8 {[%emt 0:00:01]} 23. b3 {[%emt 0:00:06]} c4 {[%emt 0:00:04]} 24. f4 {[%emt 0:00:02]} Nd7 {[%emt 0:00:06]} 25. Rad1 {[%emt 0:00:13]} Nc5 {[%emt 0:00:03]} 26. Bg2 {[%emt 0:00:02]} cxb3 {[%emt 0:00:02]} 27. cxb3 {[%emt 0:00:05]} Nxb3 {[%emt 0:00:01]} 28. Qe2 {[%emt 0:00:03]} Nc5 {[%emt 0:00:03]} 29. Qxh5 {[%emt 0:00:03]} Bxd5 {[%emt 0:00:08]} 30. Rxd5 {[%emt 0:00:05]} g6 {[%emt 0:00:01]} 31. Qg5 {[%emt 0:00:07]} Be7 {[%emt 0:00:03]} 32. Qg4 {[%emt 0:00:05]} Qb6 {[%emt 0:00:03]} 33. Kh1 {[%emt 0:00:02]} Bf6 {[%emt 0:00:02]} 34. h5 {[%emt 0:00:04]} Kg7 {[%emt 0:00:02]} 35. e5 {[%emt 0:00:06]} dxe5 {[%emt 0:00:02]} 36. fxe5 {[%emt 0:00:01]} Be7 {[%emt 0:00:04]} 37. hxg6 {[%emt 0:00:03]} fxg6 {[%emt 0:00:01]} 38. Nf3 {[%emt 0:00:20]} Rh8+ {[%emt 0:00:03]} 39. Nh4 {[%emt 0:00:02]} Rh5 {[%emt 0:00:11]} 40. Rd6 {[%emt 0:00:02]} Rxh4+ {[%emt 0:00:14]} 41. gxh4 {[%emt 0:00:04]} Bxd6 {[%emt 0:00:02]} 42. Bxa8 {[%emt 0:00:08]} Nd3 {[%emt 0:00:13]} 43. Qd7+ {[%emt 0:00:15]} Kh6 {[%emt 0:00:04]} 44. Rf1 {[%emt 0:00:10]} Nxe5 {[%emt 0:00:10]} 45. Qe8 {[%emt 0:00:02]} Kh5 {[%emt 0:00:18]} 46. Qh8+ {[%emt 0:00:01]} Kg4 {[%emt 0:00:01]} 47. Rg1+ {[%emt 0:00:01]} Kh3 {[%emt 0:00:01]} 48. Qf6 {[%emt 0:00:01] Zeit (Lag: Av=0.77s, max=1.5s)} 1-0

[Event "Stay Safe Play From Home 246"]
[Site "Emanuel Lasker Arena"]
[Date "2020.06.22"]
[Round "4"]
[White "Don59as"]
[Black "Tunca"]
[Result "1-0"]
[WhiteElo "2062"]
[BlackElo "1661"]
[Annotator "NA"]
[PlyCount "93"]
[EventDate "2020.06.22"]
[EventType "swiss (blitz)"]

1. c4 {[%emt 0:00:12]} d6 {[%emt 0:00:01]} 2. Nc3 {[%emt 0:00:01]} e5 {[%emt 0:00:00]} 3. g3 {[%emt 0:00:00]} f5 {[%emt 0:00:01]} 4. Bg2 {[%emt 0:00:01]} Nf6 {[%emt 0:00:01]} 5. e3 {[%emt 0:00:01]} Be7 {[%emt 0:00:02]} 6. Nge2 {[%emt 0:00:02]} O-O {[%emt 0:00:01]} 7. O-O {[%emt 0:00:00]} Kh8 {[%emt 0:00:01]} 8. b3 {[%emt 0:00:00]} Qe8 {[%emt 0:00:01]} 9. Bb2 {[%emt 0:00:00]} Qh5 {[%emt 0:00:01]} 10. d4 {[%emt 0:00:00]} Ng4 {[%emt 0:00:05]} 11. h3 {[%emt 0:00:02]} Nh6 {[%emt 0:00:00]} 12. dxe5 {[%emt 0:00:05]} dxe5 {[%emt 0:00:00]} 13. Nd5 {[%emt 0:00:01]} Bd8 {[%emt 0:00:05]} 14. Bxe5 {[%emt 0:00:03]} Na6 {[%emt 0:00:02]} 15. Nef4 {[%emt 0:00:04]} Qf7 {[%emt 0:00:02]} 16. Qh5 {[%emt 0:00:09]} Qxh5 {[%emt 0:00:16]} 17. Nxh5 {[%emt 0:00:01]} Rf7 {[%emt 0:00:01]} 18. Rfd1 {[%emt 0:00:11]} c6 {[%emt 0:00:05]} 19. Nc3 {[%emt 0:00:05]} Ba5 {[%emt 0:00:02]} 20. a3 {[%emt 0:00:05]} Be6 {[%emt 0:00:05]} 21. b4 {[%emt 0:00:02]} Bc7 {[%emt 0:00:00]} 22. Bxc7 {[%emt 0:00:05]} Nxc7 {[%emt 0:00:00]} 23. Bf1 {[%emt 0:00:06]} Re7 {[%emt 0:00:18]} 24. Nf4 {[%emt 0:00:02]} Bf7 {[%emt 0:00:01]} 25. Rd6 {[%emt 0:00:08]} Ne8 {[%emt 0:00:08]} 26. Rd2 {[%emt 0:00:03]} Nf6 {[%emt 0:00:04]} 27. Rad1 {[%emt 0:00:02]} Ne4 {[%emt 0:00:03]} 28. Nxe4 {[%emt 0:00:06]} fxe4 {[%emt 0:00:00]} 29. Rd8+ {[%emt 0:00:02]} Rxd8 {[%emt 0:00:05]} 30. Rxd8+ {[%emt 0:00:01]} Ng8 {[%emt 0:00:01]} 31. h4 {[%emt 0:00:06]} h6 {[%emt 0:00:01]} 32. h5 {[%emt 0:00:02]} Kh7 {[%emt 0:00:00]} 33. Bh3 {[%emt 0:00:04]} Re8 {[%emt 0:00:37]} 34. Bf5+ {[%emt 0:00:02]} Kh8 {[%emt 0:00:00]} 35. Rd7 {[%emt 0:00:02]} Re7 {[%emt 0:00:02]} 36. Rd6 {[%emt 0:00:06]} Nf6 {[%emt 0:00:04]} 37. Ng6+ {[%emt 0:00:02]} Bxg6 {[%emt 0:00:01]} 38. Bxg6 {[%emt 0:00:01]} Rd7 {[%emt 0:00:06]} 39. Rxd7 {[%emt 0:00:03]} Nxd7 {[%emt 0:00:00]} 40. Bxe4 {[%emt 0:00:01]} Nf6 {[%emt 0:00:02]} 41. Bf3 {[%emt 0:00:01]} Kg8 {[%emt 0:00:01]} 42. Kf1 {[%emt 0:00:01]} Kf7 {[%emt 0:00:00]} 43. Ke2 {[%emt 0:00:00]} Ke6 {[%emt 0:00:00]} 44. g4 {[%emt 0:00:03]} Ke5 {[%emt 0:00:01]} 45. Kd3 {[%emt 0:00:01]} Ne8 {[%emt 0:00:03]} 46. Be2 {[%emt 0:00:01]} Nd6 {[%emt 0:00:01]} 47. f4+ {[%emt 0:00:01] Tunca resigns (Lag: Av=0.44s, max=1.3s)} 1-0

[Event "Stay Safe Play From Home 246"]
[Site "Emanuel Lasker Arena"]
[Date "2020.06.22"]
[Round "4"]
[White "Haris kollari 13"]
[Black "Matanant"]
[Result "1-0"]
[WhiteElo "1891"]
[BlackElo "1865"]
[Annotator "NA"]
[PlyCount "49"]
[EventDate "2020.06.22"]
[EventType "swiss (blitz)"]

1. e4 {[%emt 0:00:01]} e5 {[%emt 0:00:02]} 2. Nf3 {[%emt 0:00:01]} d5 {[%emt 0:00:01]} 3. Nxe5 {[%emt 0:00:03]} Bd6 {[%emt 0:00:02]} 4. f4 {[%emt 0:00:05]} dxe4 {[%emt 0:00:04]} 5. Qe2 {[%emt 0:00:07]} Nf6 {[%emt 0:00:03]} 6. Nc3 {[%emt 0:00:03]} O-O {[%emt 0:00:02]} 7. Nxe4 {[%emt 0:00:02]} Nxe4 {[%emt 0:00:03]} 8. Qxe4 {[%emt 0:00:01]} Re8 {[%emt 0:00:01]} 9. d4 {[%emt 0:00:04]} f6 {[%emt 0:00:06]} 10. Bc4+ {[%emt 0:00:01]} Kf8 {[%emt 0:00:06]} 11. Qxh7 {[%emt 0:00:05]} Bb4+ {[%emt 0:01:20]} 12. c3 {[%emt 0:00:05]} fxe5 {[%emt 0:00:03]} 13. Qg8+ {[%emt 0:00:07]} Ke7 {[%emt 0:00:01]} 14. Qxg7+ {[%emt 0:00:03]} Kd6 {[%emt 0:00:05]} 15. fxe5+ {[%emt 0:00:02]} Kc6 {[%emt 0:00:04]} 16. cxb4 {[%emt 0:00:12]} Qh4+ {[%emt 0:00:02]} 17. Qg3 {[%emt 0:00:09]} Qe4+ {[%emt 0:00:10]} 18. Be3 {[%emt 0:00:07]} Be6 {[%emt 0:00:12]} 19. Be2 {[%emt 0:00:01]} Rg8 {[%emt 0:00:07]} 20. Bf3 {[%emt 0:00:06]} Bd5 {[%emt 0:00:20]} 21. Bxe4 {[%emt 0:00:02]} Rxg3 {[%emt 0:00:02]} 22. Bxd5+ {[%emt 0:00:01]} Kxd5 {[%emt 0:00:01]} 23. hxg3 {[%emt 0:00:01]} Nc6 {[%emt 0:00:00]} 24. O-O-O {[%emt 0:00:02]} Nxb4 {[%emt 0:00:01]} 25. a3 {[%emt 0:00:01] Time (Lag: Av=0.70s, max=2.7s)} 1-0

[Event "Stay Safe Play From Home 246"]
[Site "Emanuel Lasker Arena"]
[Date "2020.06.22"]
[Round "4"]
[White "Watchel"]
[Black "Timbre"]
[Result "1-0"]
[WhiteElo "1696"]
[BlackElo "1681"]
[Annotator "NA"]
[PlyCount "95"]
[EventDate "2020.06.22"]
[EventType "swiss (blitz)"]

1. c4 {[%emt 0:00:05]} c6 {[%emt 0:00:06]} 2. e4 {[%emt 0:00:02]} d5 {[%emt 0:00:01]} 3. exd5 {[%emt 0:00:01]} cxd5 {[%emt 0:00:02]} 4. d4 {[%emt 0:00:00]} Nf6 {[%emt 0:00:03]} 5. Nc3 {[%emt 0:00:02]} Nc6 {[%emt 0:00:01]} 6. Nf3 {[%emt 0:00:01]} Bg4 {[%emt 0:00:02]} 7. cxd5 {[%emt 0:00:02]} Nxd5 {[%emt 0:00:02]} 8. Be2 {[%emt 0:00:03]} e6 {[%emt 0:00:04]} 9. O-O {[%emt 0:00:01]} Bd6 {[%emt 0:00:03]} 10. h3 {[%emt 0:00:01]} Bxf3 {[%emt 0:00:03]} 11. Bxf3 {[%emt 0:00:01]} O-O {[%emt 0:00:01]} 12. Nxd5 {[%emt 0:00:01]} exd5 {[%emt 0:00:05]} 13. Be3 {[%emt 0:00:02]} Be7 {[%emt 0:00:03]} 14. Qb3 {[%emt 0:00:02]} Rb8 {[%emt 0:00:04]} 15. Qxd5 {[%emt 0:00:04]} Qxd5 {[%emt 0:00:03]} 16. Bxd5 {[%emt 0:00:00]} Nb4 {[%emt 0:00:04]} 17. Bb3 {[%emt 0:00:05]} Bf6 {[%emt 0:00:05]} 18. a3 {[%emt 0:00:02]} Nc6 {[%emt 0:00:06]} 19. Rfd1 {[%emt 0:00:01]} Rbd8 {[%emt 0:00:03]} 20. d5 {[%emt 0:00:03]} Na5 {[%emt 0:00:10]} 21. Rab1 {[%emt 0:00:02]} Nxb3 {[%emt 0:00:04]} 22. Bxa7 {[%emt 0:00:02]} Na5 {[%emt 0:00:02]} 23. Bb6 {[%emt 0:00:02]} Nc4 {[%emt 0:00:04]} 24. Bxd8 {[%emt 0:00:02]} Rxd8 {[%emt 0:00:01]} 25. b4 {[%emt 0:00:14]} Nxa3 {[%emt 0:00:05]} 26. Rb3 {[%emt 0:00:06]} Nc2 {[%emt 0:00:05]} 27. d6 {[%emt 0:00:07]} h6 {[%emt 0:00:06]} 28. d7 {[%emt 0:00:01]} Nd4 {[%emt 0:00:05]} 29. Rbd3 {[%emt 0:00:13]} Rxd7 {[%emt 0:00:04]} 30. Kf1 {[%emt 0:00:01]} Kf8 {[%emt 0:00:09]} 31. Re1 {[%emt 0:00:05]} Rc7 {[%emt 0:00:09]} 32. g3 {[%emt 0:00:09]} Kg8 {[%emt 0:00:09]} 33. Rde3 {[%emt 0:00:06]} Ne6 {[%emt 0:00:06]} 34. Rd1 {[%emt 0:00:07]} Rc4 {[%emt 0:00:03]} 35. b5 {[%emt 0:00:03]} Rb4 {[%emt 0:00:06]} 36. Red3 {[%emt 0:00:05]} Rxb5 {[%emt 0:00:02]} 37. Rd7 {[%emt 0:00:02]} Kh7 {[%emt 0:00:01]} 38. Rxf7 {[%emt 0:00:02]} Ng5 {[%emt 0:00:04]} 39. Rc7 {[%emt 0:00:08]} Nxh3 {[%emt 0:00:02]} 40. Kg2 {[%emt 0:00:01]} Ng5 {[%emt 0:00:02]} 41. Rd6 {[%emt 0:00:04]} Kg6 {[%emt 0:00:06]} 42. Rdd7 {[%emt 0:00:02]} Rb2 {[%emt 0:00:05]} 43. Rxb7 {[%emt 0:00:02]} Rxb7 {[%emt 0:00:03]} 44. Rxb7 {[%emt 0:00:00]} Ne4 {[%emt 0:00:01]} 45. f3 {[%emt 0:00:01]} Ng5 {[%emt 0:00:01]} 46. g4 {[%emt 0:00:02]} Nf7 {[%emt 0:00:02]} 47. Kg3 {[%emt 0:00:01]} Ne5 {[%emt 0:00:01]} 48. f4 {[%emt 0:00:01] (Lag: Av=0.46s, max=1.0s)} 1-0

[Event "Stay Safe Play From Home 246"]
[Site "Emanuel Lasker Arena"]
[Date "2020.06.22"]
[Round "4"]
[White "Germanicus G"]
[Black "Haxhi Baha"]
[Result "0-1"]
[WhiteElo "1518"]
[BlackElo "1907"]
[PlyCount "76"]
[EventDate "2020.06.22"]
[EventType "swiss (blitz)"]

1. Nf3 {[%emt 0:00:08]} d5 {[%emt 0:00:02]} 2. e3 {[%emt 0:00:02]} c5 {[%emt 0:00:01]} 3. d4 {[%emt 0:00:01]} Nc6 {[%emt 0:00:01]} 4. g3 {[%emt 0:00:04]} Bg4 {[%emt 0:00:03]} 5. Bg2 {[%emt 0:00:03]} e5 {[%emt 0:00:01]} 6. dxe5 {[%emt 0:00:08]} Nxe5 {[%emt 0:00:00]} 7. Nbd2 {[%emt 0:00:02]} Nf6 {[%emt 0:00:04]} 8. O-O {[%emt 0:00:01]} Bd6 {[%emt 0:00:11]} 9. c4 {[%emt 0:00:01]} dxc4 {[%emt 0:00:04]} 10. Nxc4 {[%emt 0:00:01]} Nxc4 {[%emt 0:00:18]} 11. Qa4+ {[%emt 0:00:02]} Qd7 {[%emt 0:00:08]} 12. Qxc4 {[%emt 0:00:06]} O-O {[%emt 0:00:00]} 13. Rd1 {[%emt 0:00:15]} Qc7 {[%emt 0:00:13]} 14. h3 {[%emt 0:00:13]} Be6 {[%emt 0:00:03]} 15. Qc2 {[%emt 0:00:03]} h6 {[%emt 0:00:01]} 16. Bd2 {[%emt 0:00:03]} Rad8 {[%emt 0:00:06]} 17. Bc3 {[%emt 0:00:02]} Nd5 {[%emt 0:00:04]} 18. e4 {[%emt 0:00:06]} Nxc3 {[%emt 0:00:08]} 19. Qxc3 {[%emt 0:00:01]} b5 {[%emt 0:00:10]} 20. e5 {[%emt 0:00:04]} Be7 {[%emt 0:00:01]} 21. b3 {[%emt 0:00:05]} Kh8 {[%emt 0:00:09]} 22. Nd4 {[%emt 0:00:03]} Bd7 {[%emt 0:00:08]} 23. Rac1 {[%emt 0:00:18]} Qxe5 {[%emt 0:00:07]} 24. Nf3 {[%emt 0:00:19]} Qxc3 {[%emt 0:00:02]} 25. Rxc3 {[%emt 0:00:02]} Bc6 {[%emt 0:00:05]} 26. Rcd3 {[%emt 0:00:01]} c4 {[%emt 0:00:10]} 27. bxc4 {[%emt 0:00:03]} bxc4 {[%emt 0:00:00]} 28. Rxd8 {[%emt 0:00:01]} Rxd8 {[%emt 0:00:00]} 29. Rxd8+ {[%emt 0:00:09]} Bxd8 {[%emt 0:00:00]} 30. Nd4 {[%emt 0:00:12]} Bd7 {[%emt 0:00:04]} 31. Be4 {[%emt 0:00:03]} Bb6 {[%emt 0:00:01]} 32. Nc2 {[%emt 0:00:01]} f5 {[%emt 0:00:04]} 33. Bd5 {[%emt 0:00:01]} Ba4 {[%emt 0:00:03]} 34. Ne3 {[%emt 0:00:06]} Bxe3 {[%emt 0:00:03]} 35. fxe3 {[%emt 0:00:02]} c3 {[%emt 0:00:00]} 36. Kf2 {[%emt 0:00:03]} c2 {[%emt 0:00:00]} 37. Kf3 {[%emt 0:00:01]} c1=Q {[%emt 0:00:02]} 38. Kf4 {[%emt 0:00:01]} Qd2 {[%emt 0:00:02] Zeit (Lag: Av=1.01s, max=2.4s)} 0-1